Central Library OPAC University of Rajshahi

ہندوستانی لسانیات / Hindūstānī lisāniyāt / (Record no. 85230)

MARC details
000 -LEADER
fixed length control field 00703nam a22002057a 4500
001 - CONTROL NUMBER
control field 85230
003 - CONTROL NUMBER IDENTIFIER
rucl marc code BD-RjUL
005 - DATE AND TIME OF LATEST TRANSACTION
control field 20250717120637.0
008 - FIXED-LENGTH DATA ELEMENTS--GENERAL INFORMATION
fixed length control field 250717s1961 pk ||||| |||| 00| 0 urd d
035 ## - SYSTEM CONTROL NUMBER
System control number (BD-RjUL)85230
040 ## - CATALOGING SOURCE
Original cataloging agency BD-RjUL
Language of cataloging eng
Transcribing agency BD-RjUL
041 ## - LANGUAGE CODE
Language code of text/sound track or separate title urd
082 ## - DEWEY DECIMAL CLASSIFICATION NUMBER
Edition number 23
Classification number 891.439
Author mark and year QAH 1961
100 ## - MAIN ENTRY--PERSONAL NAME
Personal name قادری زور ، سید محی الدین. ;; Qadri Zor, Syed Mohiuddin.
9 (RLIN) 16081
245 10 - TITLE STATEMENT
Title ہندوستانی لسانیات / Hindūstānī lisāniyāt /
Statement of responsibility, etc. سید محی الدین قادری زور., Muḥīuddīn Qādrī Zor Sayyid
260 ## - PUBLICATION, DISTRIBUTION, ETC. (IMPRINT)
Place of publication, distribution, etc. Lahore :
Name of publisher, distributor, etc. Maktabah Muinul adab,
Date of publication, distribution, etc. 1961
300 ## - PHYSICAL DESCRIPTION
Pagination 108 p. ;
Size 17 cm
650 ## - SUBJECT ADDED ENTRY--TOPICAL TERM
Topical term or geographic name as entry element Literature
942 ## - ADDED ENTRY ELEMENTS (KOHA)
Source of classification or shelving scheme Dewey Decimal Classification
Koha item type Books
Holdings
Lost status Source of classification or shelving scheme Damaged status Not for loan Collection code Permanent Location Current Location Shelving location Date acquired Total Checkouts Full call number Date last seen Copy number Koha item type
  Dewey Decimal Classification   Not For Loan Non-fiction Central Library, University of Rajshahi Central Library, University of Rajshahi Reading Room 17/07/2025   U 891.439 QAH 1961 17/07/2025 C-1 Books